000 00537nam a22001817a 4500
999 _c16628
_d16628
008 180131b xxu||||| |||| 00| 0 eng d
020 _a0702033865
040 _aKABU
_cKABU
050 _aRC66
_b.R34 2012 c. 1
100 _aBaliga, Ragavendra R.
245 _a250 cases in clinical medicine
250 _a4th ed.
260 _aEdinburgh
_bSaunders
_c2012
300 _axviii, 909 p.
650 _aClinical medicine
_vCase studies
650 _aClinical medicine
_vProblems, excercises, etc.
942 _2lcc
_cBK
_e4th ed.
_hRC66